000 00381nam a2200157Ia 4500
100 _aPradeep K.Sinha
650 _aOperating systems
942 _cBK
366 _f25
654 _adistributed
245 _aDistributed operating systems:Concepts and design
260 _bPrentice Hall of India
_c2007
082 _a5.43
_bSIN
300 _a743
546 _aENGLISH
_cPAMPHALETS
999 _c20620
_d20620